Stati della Comunità economica degli Stati dell'Africa centrale - Statistics

Statistiche generali
  • Questo quiz è stato fatto 5 volte
  • Il punteggio medio è 10 su 11
Statistiche sulle risposte
Nazione % Corretto
Angola
100%
Burundi
100%
Gabon
100%
Repubblica Centrafricana
100%
Repubblica del Congo
100%
Repubblica Democratica del Congo
100%
Ruanda
100%
Camerun
75%
Ciad
75%
Guinea Equatoriale
50%
São Tomé e Príncipe
50%
Nessun quiz corrispondente trovato
Distribuzione punteggi
Percentuale di utenti per punteggio
Percentile per numero di risposta
I tuoi punteggi nel tempo
Non hai fatto questo quiz